000 00215 a2200097 4500
001 38294
100 _a
245 _aSupervising & managing people
260 _aNew York
_bMcGraw Hill
_c1996
090 _c24338
_d24338
942 _aNUST-CAE
_cM
_c15934
999 _c273367
_d273367